| 000 | 00958nam a2200217Ia 4500 | ||
|---|---|---|---|
| 003 | Ost | ||
| 005 | 20260416102353.0 | ||
| 008 | 260416s9999||||xx |||||||||||||| ||und|| | ||
| 040 | _cfsecg | ||
| 041 | _aara | ||
| 082 | _a1.2404 | ||
| 100 |
_aلالوش، غنية _eمؤلف |
||
| 245 | 0 |
_aإعلام آلي1 / _c غنية لالوش |
|
| 260 |
_aالجزائر _bجامعة الجزائر3: كلية العلوم الإقتصادية، العلوم التجارية وعلوم التسيير _c2018 |
||
| 300 |
_a81 ورقة _bايضاحات _c30 سم |
||
| 504 | _aمراجع ص.80 | ||
| 520 | _aمقدمة عامة عن الحاسوب، الأنظمة العددية، مبادئ بسيطة في الخوارزم | ||
| 653 | _aالحاسبات الالكترونية | ||
| 710 |
_aجامعة الجزائر3: كلية العلوم الإقتصادية، العلوم التجارية وعلوم التسيير _eناشر علمي |
||
| 942 | _cHANDOUT | ||
| 999 |
_c41077 _d41077 |
||